01211nam a2200265Ia 4500001000600000003000900006008004100015040001300056040001300069041001300082100001700095100002900112240003500141240003500176245003200211245003200243250001100275260000900286260000800295260004900303300004300352500048400395650003500879650003100914 3858IT-RoPAU130308s9999 xx 000 0 und d aIT-RoPAU cIT-RoPAU aITALIANO aGritti Jules gCodice Aut. SPICS: 5792 aCULTURE ET TECHNIQUES DE MASSE gCodice Tit. Orig. Spics: 3874 aCultura e tecniche di massa bCultura e Tecniche di Massa a1a ed. aROMA bAve c1969 [1° Ed.:1969 - Ed.Ling.Originale:1967] a"122 p. (prefazione: no ; testo: 122)" aCiviltà e Cultura Tecniche Audiovisive Massa Volgarizzazione promozione Apprendimento Comunicazione Industria Culturale Standardizzazione dei prodotti Omogeneizzazione del Pubblico Universalità degli Effetti Osservatori e Moralisti Cariche Arringa Tradizione Modernità Enciclopedismo Assimilazione Opera Univoca Opera Aperta Gartuità Efficacia sforzo piacere Verbo immagine Elite Massa Dalla coesistenza Alla integrazione Pedagogia Animazione Culturale Politica Culturale aSAGGI DI COMUNICAZIONE SOCIALE eCodice materia Spics: 3807